Wyrazy Gwary Kaszubskiej - Statystyki

Ogólne statystyki
  • Ten quiz został rozwiązany 286 razy
  • Średni wynik to 5 z 15
Statystyki odpowiedzi
Po Kaszubsku Po Polsku % Poprawnych
Òjc Ojciec
90%
Bjałka Kobieta
57%
Miłota Miłość
45%
Bùdink Dom
44%
Miono Imię
42%
Szkólny Nauczyciel
42%
Knôp Chłopiec
40%
Wid Światło
27%
Gromicznik Luty
21%
Króm Sklep
21%
Tósz Pies
19%
Zwãk Dźwięk
11%
Fela Błąd
10%
Zdrzélnik Telewizor
10%
Radnica Ratusz
8%
Nie znaleziono quizów pasujących do podanych kryteriów
Rozkład punktacji
Procent ludzi z każdym wynikiem
Percentyl według liczby udzielonych odpowiedzi
Twoja historia wyników
Nie rozwiązałeś tego quizu